Detalles MARC
| 000 -CABECERA |
| campo de control de longitud fija |
01140cam a2200301 a 4500 |
| 001 - NÚMERO DE CONTROL |
| campo de control |
000015443 |
| 005 - FECHA Y HORA DE LA ÚLTIMA TRANSACCIÓN |
| campo de control |
20200929164037.0 |
| 010 ## - NÚMERO DE CONTROL DE LA BIBLIOTECA DEL CONGRESO |
| Número de control de LC |
2005359228 |
| 020 ## - NÚMERO INTERNACIONAL ESTÁNDAR DEL LIBRO |
| Número Internacional Estándar del Libro |
8460447138 |
| 035 ## - NÚMERO DE CONTROL DEL SISTEMA |
| Número de control de sistema |
(CVcHKB)kb2001070288 |
| 040 ## - FUENTE DE LA CATALOGACIÓN |
| Centro catalogador/agencia de origen |
DO-SdBNP |
| Centro/agencia transcriptor |
spa |
| Centro/agencia modificador |
BNPHU |
| 042 ## - CÓDIGO DE AUTENTICACIÓN |
| Código de autenticación |
pcc |
| 082 ## - NÚMERO DE LA CLASIFICACIÓN DECIMAL DEWEY |
| Número de clasificación |
264.023 |
| Número de documento/Ítem |
M971m |
| 049 ## - FONDOS LOCALES (OCLC) |
| Fondos de biblioteca |
BNPD |
| 100 1# - ENTRADA PRINCIPAL--NOMBRE DE PERSONA |
| Nombre de persona |
Muntada Torrellas, Anna. |
| 9 (RLIN) |
34866 |
| 245 10 - MENCIÓN DE TÍTULO |
| Título |
Misal rico de Cisneros / |
| Mención de responsabilidad, etc. |
Anna Muntada Torrellas ; fotografías, Antonio Pareja & Carlos Villasante. |
| 260 ## - PUBLICACIÓN, DISTRIBUCIÓN, ETC. |
| Lugar de publicación, distribución, etc. |
[Madrid] : |
| Nombre del editor, distribuidor, etc. |
Real Fundación de Toledo, |
| Fecha de publicación, distribución, etc. |
[2000]. |
| 300 ## - DESCRIPCIÓN FÍSICA |
| Extensión |
204 p., 137 col. plates : |
| Otras características físicas |
col. ill. ; |
| Dimensiones |
31 cm. |
| 500 ## - NOTA GENERAL |
| Nota general |
Incluye notas. |
| 504 ## - NOTA DE BIBLIOGRAFÍA, ETC. |
| Nota de bibliografía, etc. |
Incluye referencias bibliográficas. |
| 500 ## - NOTA GENERAL |
| Nota general |
Originalmente presentado como tesis del autor (doctorado - Universidad Autónoma de Barcelona, 1990). |
| 500 ## - NOTA GENERAL |
| Nota general |
Incluye un catálogo de las cualidades físicas y el contenido del Misal Rico |
| 650 #4 - PUNTO DE ACCESO ADICIONAL DE MATERIA--TÉRMINO DE MATERIA |
| Término de materia o nombre geográfico como elemento de entrada |
Misales |
| 9 (RLIN) |
34867 |
| 610 20 - PUNTO DE ACCESO ADICIONAL DE MATERIA--NOMBRE DE ENTIDAD CORPORATIVA |
| Nombre de entidad corporativa o nombre de jurisdicción como elemento de entrada |
IGLESIA CATÓLICA |
| Subdivisión general |
LITURGIA |
| 9 (RLIN) |
4857 |
| 710 2# - PUNTO DE ACCESO ADICIONAL--NOMBRE DE ENTIDAD CORPORATIVA |
| Nombre de entidad corporativa o nombre de jurisdicción como elemento de entrada |
Biblioteca Nacional (Spain) |
| 9 (RLIN) |
34868 |
| 700 1# - PUNTO DE ACCESO ADICIONAL--NOMBRE DE PERSONA |
| Nombre de persona |
Jiménez de Cisneros, Francisco, |
| Fechas asociadas al nombre |
1436?-1517. |
| 9 (RLIN) |
34869 |
| 910 ## - DATOS DE OPCIÓN DEL USUARIO (OCLC) |
| Datos de opción del usuario |
Catalogación por copia / LC |